| 000 | 01214cam a2200253 a 4500 | ||
|---|---|---|---|
| 001 | 3000 | ||
| 003 | BD-RjUL | ||
| 005 | 20211208233645.0 | ||
| 008 | 131217s1952 xx 000 0 eng | ||
| 035 |
_a(BD-RjUL)3028 _aOCLC ocm04450797 from D970522M |
||
| 040 |
_aDLC _cCLE _dOCL _dUKM _dEQO _dBD-RjUL _beng |
||
| 041 | _aeng | ||
| 082 |
_a338 _bAUS 1952 |
||
| 245 | 0 | 0 |
_aAustralian production at the crossroads / _c[Papers read at 18th summer school of the Australian Institute of Political Science, held at Canberra, A.C.T., 26th to 28th January 1952] |
| 260 |
_aSydney : _bAngus and Robertson, _c1952. |
||
| 300 |
_a154 p. : _bdiagrs. _c19 cm. |
||
| 505 | 0 | _aIntroduction, by R. F. Holder.--Trends in Australian primary production, by S. M. Wadham.--Trends in secondary production, by J. Vernon.--Production policies and priorities, by E. R. Walker.--Factors determining the efficiency of Australian production, by Sir D. Copland.--Production trends and social problems, by H. E. Holt. | |
| 650 | 0 |
_aIndustries _zAustralia . _99561 |
|
| 700 | 1 |
_aHolder, R. F. _q(Reginald Frank) _99562 |
|
| 710 | 2 |
_aAustralian Institute of Political Science. _99563 |
|
| 942 |
_2ddc _cBK |
||
| 999 |
_c3000 _d3000 |
||